Partition of India (Record no. 16697)

MARC details
000 -LEADER
fixed length control field 00563nam a2200229 a 4500
020 ## - INTERNATIONAL STANDARD BOOK NUMBER
ISBN 9781107633476
082 00 - DEWEY DECIMAL CLASSIFICATION NUMBER
Classification number 954.035
Author Cutter TAL
100 ## - MAIN ENTRY--AUTHOR NAME
Author name Talbot, Ian
245 ## - TITLE STATEMENT
Title Partition of India
260 ## - PUBLICATION, DISTRIBUTION, ETC. (IMPRINT)
Place of publication Delhi
Name of publisher Cambridge University Press
Year of publication 2009
300 ## - PHYSICAL DESCRIPTION
Number of Pages 206p
500 ## - GENERAL NOTE
General note includes index and biblioraphy
505 2# - FORMATTED CONTENTS NOTE
Formatted contents note biblio, index
650 ## - SUBJECT ADDED ENTRY--TOPICAL TERM
Topical Term India-Partition
942 ## - ADDED ENTRY ELEMENTS (KOHA)
Koha item type Books
Holdings
Collection code Home library Current library Date acquired Cost, normal purchase price Full call number Accession Number Koha item type
  Henry Martyn Institute Library Henry Martyn Institute Library 01/01/2005 495.00 954.035 TAL 024745 Books
                   Copyright © 2026 | Henry Martyn Institute | Hyderabad | TS-500052 | INDIA | Implemented by hmi.edu.in
Hit-Count:

Powered by Koha